000
00234nam a22001217a 4500
020
_a
9780789500876
041
_a
eng
080
_a
62
090
_b
WYA
100
_a
Wyatt, Allen.
245
_a
Success with Internet.
999
_c
282044
_d
282044
942
_c
BK